| 000 | 00449nam a2200193Ia 4500 | ||
|---|---|---|---|
| 005 | 20250425160929.0 | ||
| 008 | 250425s9999 xx 000 0 und d | ||
| 020 | _a0915567040 | ||
| 041 | _aspa | ||
| 082 | _a671.73 | ||
| 100 | _aMUNGER, CHARLES G. | ||
| 245 | 0 | _aCORROSION PREVENTION BY PROTECTIVE COATINGS | |
| 250 | _aS.E. | ||
| 260 |
_aEstados Unidos _bNACE _c1984 |
||
| 260 | _aS.L. | ||
| 300 | _a512 | ||
| 942 | _c01 | ||
| 010 | _a8634 | ||
| 999 |
_c199076 _d199076 |
||